| 000 | 01181cam a2200325 a 4500 | ||
|---|---|---|---|
| 001 | 17383878 | ||
| 005 | 20170105102918.0 | ||
| 008 | 120712r20122008nyub b 001 0 eng | ||
| 010 | _a 2012374426 | ||
| 020 | _a9780230302372 (pbk.) | ||
| 040 |
_aDLC _cDLC |
||
| 042 | _apcc | ||
| 043 |
_aa-af---- _ae-uk--- |
||
| 050 | 0 | 0 |
_aDS361 _b.H67 2012 |
| 082 | 0 | 0 |
_a958.1/03 _222 |
| 100 | 1 |
_aHopkins, B. D., _d1978- |
|
| 245 | 1 | 4 |
_aThe making of modern Afghanistan / _cB.D. Hopkins. |
| 260 |
_aNew York : _bPalgrave Macmillan, _c2012. |
||
| 300 |
_axix, 259 p. : _bmaps ; _c23 cm. |
||
| 490 | 1 | _aCambridge imperial and post-colonial studies series | |
| 500 | _aReprint. Originally published in 2008. | ||
| 500 | _aBased on the author's doctoral dissertation, University of Cambridge. | ||
| 504 | _aIncludes bibliographical references and index. | ||
| 610 | 2 | 0 |
_aEast India Company _xHistory. |
| 651 | 0 |
_aAfghanistan _xHistory _y19th century. |
|
| 830 | 0 | _aCambridge imperial and post-colonial studies series. | |
| 906 |
_a7 _bcbc _corigcop _d2 _encip _f20 _gy-gencatlg |
||
| 942 |
_2ddc _cBK |
||
| 999 |
_c15468 _d15468 |
||